| 000 | 01007cam a2200289 i 4500 | ||
|---|---|---|---|
| 001 | 29657 | ||
| 003 | Mx-PuUPA | ||
| 005 | 20250312170045.0 | ||
| 008 | 140415s1962 mx a gr 001 0 spa d | ||
| 040 |
_cMx-PuUPA _aMx-PuUPA _bspa _dMx-PuUPA _erda |
||
| 041 | 0 | _aspa | |
| 043 | _an-mx--- | ||
| 100 | 1 |
_aAragón, Agustín, _d1870-1954 _916828 _eautor |
|
| 245 | 1 | 0 |
_aPorfirio Díaz : _b(estudio histórico-filosófico) / _cAgustín Aragón |
| 264 | 1 |
_aMéxico, D.F. : _bEditora Intercontinental, _c[1962?] |
|
| 300 |
_a2 tomos (paginación varia) : _bfotografías ; _c23 cm |
||
| 336 |
_2rdacontent _atexto _btxt |
||
| 337 |
_2rdamedia _asin medio _bn |
||
| 338 |
_2rdacarrier _avolumen _bnc |
||
| 600 | 1 | 4 |
_aDíaz, Porfirio, _cPresidente de México _y(1830-1915) |
| 650 | 7 |
_2armarc _aPresidentes mexicanos |
|
| 650 | 7 |
_2armarc _aPorfiriato |
|
| 651 | 4 |
_aMéxico _xHistoria _xRevolución _y1910-1917 |
|
| 942 |
_2ddc _cLI _h972.0814 _iA65 |
||
| 999 |
_c29657 _d29657 |
||